000 01452nam0a22003371 4500
001 rc\3419718
005 20250610001922.0
021 _aRU
_b[70-1417]
035 _a(NLR Aleph) 007581822
090 _a5516776
_c5516776
100 _a20130115d1969 |||y0rusy50 ca
101 0 _arus
102 _aRU
105 _ay j |||||
200 1 _aГосударственный бюджет СССР
_e[Учебник для фин. и фин.-кредитных техникумов]
205 _a2-е изд., доп. и перераб.
210 _aМосква
_cФинансы
_d1969
215 _a495 с.
_d22
300 _aНа обороте тит. л. авт.: П.М. Иваницкий, П.В. Лебедев, Р.С. Карапетян и др.
300 _a1-е изд. вышло под загл.: Государственный бюджет
451 0 _12001#$aГосударственный бюджет
_1205##$a1-е изд.
_tГосударственный бюджет
532 1 2 _aГосударственный бюджет Союза Советских Социалистических Республик
606 _aБюджет СССР
_jУчебники и пособия
_2psbo
701 1 _aЛебедев
_bП.В.
701 1 _aКарапетян
_bР.С.
701 1 _aИваницкий
_bП.М.
801 0 _aRU
_bNLR
_gpsbo
801 1 _aRU
_bELAR
_2rusmarc
852 _aNLR
_j69-5/6717
942 _cBOOK
980 _aNB